000 00395nam a22001697a 4500
005 20160630152036.0
008 160630b xxu||||| |||| 00| 0 eng d
020 _a81-88458-96-1
041 _aeng
082 _b14896
100 _aBaral, R N
_93218
245 _aTelemetry & Data Transmission
260 _bKatson
_c2012
300 _a241
650 _aDiploma Engineering
_9817
942 _cBK
999 _c4960
_d4958